Statystyki dla Jaka to piosenka - rap/trap ŁATWE

Kliknij tutaj aby rozwiązać quiz!

Ogólne statystyki

  • Ten quiz został rozwiązany 415 razy
  • Średni wynik to 11 z 20

Statystyki odpowiedzi

HintOdpowiedź% Poprawnych
Mówiłem nigdy więcej, a czas mi przyniósł plaster
Zagoiło się nieźle, skoro goiło z otwartej
Zasypiam w pół do pierwszej, zasypiam w pół do czwartej
ReTo - UA
80%
Kocham to jak się dłużą dni
I jest cholernie sucho w pył
I wszyscy ze mną muszą pić
White 2115 - California
80%
Sobota wieczór, humor gituwa (co?)
Humor gituwa
OIO - Worki w tłum
78%
Bo chcecie nam zabrać ten czas i te radosne bankiety
Oddajcie lokale i hajs nie cenzurujcie poety
Young Leosia - Szklanki
74%
Wszystko pod kontrolą, władza opętana
Podwórka Was pierdolą, podpalając grama
Podejście wciąż niezmienne, między nami ściana
Paluch - Szaman
71%
Nie mam zamiaru się smucić tylko zatracić w tym co najlepsze
Chcą się kłócić chcą nas zdusić jakby to było konieczne
Kizo - DISNEY
70%
Czuję się jak Piotruś Pan ale z blizną
Więcej niż trzy życzenia mam złota rybko
Kinny Zimmer - Rozmazana Kreska
69%
Patrzyłem na ciebie przez szyby, pukałem do ciebie przez szkło
Pisałem do ciebie niewinne DM'y, to jeszcze nie to
TACONAFIDE - Tamagotchi
64%
Wyrzuć to wszystko w bok, dzisiaj mamy nowy rok
Stare plany poszły z dymem jak ostatni papieros
Chcemy śpiewać wciąż, na jebany, cały głos
SB Maffija - Lawenda
60%
Mój danse macabre
Więc chodź do tańca, gdy krok to szansa I los nam gra
Quebonafide x ReTo - Half dead
58%
- Naprawdę, chcesz zmarnować życie?
- Żyję dla gangu, ty jebana pało!
Bedoes - Opowieści z Doliny Smoków
55%
Ona mi robi numery a ja wtedy robię numery
Niech powie tej swojej kumpeli co powie tej swojej kumpeli
GUZIOR - B L U E B E R R Y
54%
Jeśli mogę być kimś więcej niż tylko sobą
Jeśli mogę żyć - to tylko z Tobą
I chcę być tu na zawsze
Szpaku - Hinata
50%
Wie Pan co to znaczy trappin? Nie pracować, a zarabiaćBiałas - W Imię Ojca Trapu
45%
Dwie białe kreski pierdolić niebieskich
I tylko spontan od początku do końca
Liczy się prestiż i te niunie sexy
Wac Toja - KAPITAN
45%
Mały sklepik jest niczym zoo i trafi tam każdy na osiedlu
Za kasą stoi małpeczek sto, a obok leży se Żubr i Red bull
I w chuj nie lubię siebie po wódzie
Lecz znam za dużo tych, którzy lubią
ReTo - Papierosy
43%
Dwie panny na sali, dałem menu im, to paryż
Obie chcą gorącej kawy, już nie mówię im per "pani"
schafter - hot coffee
43%
Wschód słońca pada na twarz
Wypełnia twą duszę, którą ciągle masz
Wydaje się tobie że te uczucie już znasz, ale
Ono wcale nie jest ci znane
Grubson - Na Szczycie
36%
Kiedy zabraknie mi Ciebie jak dziś
Wyglądałaś tak ładnieCzarne Vansy i jeans
kartky - koszmar minionego lata
35%
Bity bity bity jak te pizdy rozjebane
Kutas taki długi że odbijam go kolanem
Malik Montana x Diho - Naaajak
12%

Rozkład punktacji

Percentyl według liczby udzielonych odpowiedzi

Procent ludzi z każdym wynikiem

Twoja historia wyników

Nie rozwiązałeś tego quizu